000
00289nam a22001337a 4500
008
170303b xxu||||| |||| 00| 0 eng d
020
_a
471596302
041
_a
eng
080
_a
616.073
100
_a
6
101
_a
SHM
245
_a
IN-WATER PHOTOGRAPHY
_c
MERTENS, L.E
942
_2
udc
_c
BK
999
_c
6664
_d
6664